000 00630nam a2200229Ia 4500
005 20260430150211.0
008 008 250103s9999 xx 000 0 eng d
037 _aTheses
040 _aCRL
040 _beng
040 _ceng
041 _2eng
041 _aeng
084 _qCRL
100 _aPuri Vardhna Au.; Bhargava Vinita Gu.; Sharma Bhanumathi Gu.
_91236775
245 0 _aLives of children in Migrant Families in Nizamuddin Basti in Delhi
260 _c2021
300 _a248p.
700 _aUniversity of Delhi. Faculty of Science. Department of Home Science
942 _cTH
999 _c1849198
_d1849198